| 000 | 01197nam a2200313 i 4500 | ||
|---|---|---|---|
| 003 | EG-GICUC | ||
| 005 | 20260121101538.0 | ||
| 008 | 251225s1927 -ge||||fr|||| 00| 0 ger d | ||
| 040 |
_aEG-GiCUC _bger _cEG-GiCUC _dEG-GiCUC _erda |
||
| 041 | _ager | ||
| 082 | 0 | 4 |
_221 _a341.33040 _bSC . D |
| 092 | 0 | 4 | _221 |
| 099 | _aLaw1 11 341.33040 SC . D 1927 | ||
| 100 | 1 |
_aSchwertfeger, Bernhard _eAuthor. |
|
| 245 | 1 | 4 |
_aDie Diplomatischen Akten Des Auswärtigen Amtes 1871 -1914 : _bEin Wegweiser Durch Das Große Aktenwerk Der Deutschen Regierung. _nFünfter Teil, 3. Abteilung, _pEuropa Vor Der Katastrophe / _cBernhard Schwertfeger. |
| 246 | 1 | 0 | _bEuropa vor der Katastrophe 1912 - 1914 |
| 264 | 1 |
_aBerlin : _bDeutsche Verlagsgesellschaft für Politik und Geschichte, _c1927. |
|
| 300 |
_a282 pages ; _c24 cm. |
||
| 336 |
_2rda content _atext |
||
| 337 |
_2rda media _aComputer |
||
| 338 |
_2rda carrier _aOnline Resource |
||
| 504 | _aBibliographische Hinweise | ||
| 546 | _a Text in German | ||
| 650 | 1 | 4 |
_aDiplomatie _xÖffentliches Völkerrecht _zEurope _2qrmak |
| 651 | 1 | _2qrmak | |
| 856 | 4 | 0 | _uhttps://fll.law.cu.edu.eg/fulltext/bks/B11-06030.pdf |
| 905 | _a75 | ||
| 942 |
_2ddc _cBK _e21 _n0 |
||
| 999 |
_c52520 _d52520 |
||